000 00669nam a2200205 4500
001 132937
003 ES-MaACL
005 20250714094953.0
007 t|
008 070214s1982 sp r ||||1| spa d
100 1 _aRoso de Luna, Mario,
_d1872-1931
_999794
245 1 0 _aLogrosán :
_blegajo histórico : año 1898 /
_cMario Roso de Luna.
260 _aCáceres :
_bInstitución Cultural "El Brocense",
_c1982.
300 _a385 p. :
_bil. ;
_c26 cm.
595 _aFacsímil del manuscrito.
651 4 _aLogrosán-
_xHistoria.
_9172993
710 2 _aInstitución Cultural "El Brocense"
_94713
852 _aES-MaACL
_jL-3601
999 _c132937
_d132937